000 00590nam a2200193 i 4500
001 34238
003 ES-MaACL
005 20251015063049.0
007 t|
008 030204s1973 sp ||||1| spa d
100 1 _aBodin, Jean,
_d1530-1596
_929706
245 1 4 _aLos seis libros de la República /
_cBodino ; selección, traducción e introducción de Pedro Bravo.
250 _a[1ª ed.].
260 _a[Madrid] :
_bAguilar,
_c[1973]
300 _aLXX, 235 p. ;
_c19 cm.
700 1 _aBravo, Pedro.
_931468
852 _aES-MaACL
_jC-51561
_bR.85295
999 _c34238
_d34238